000 00257nam a2200097Ia 4500
008 230915s9999 xx 000 0 und d
050 _aHF 5635 .A 27 2011
100 _aAlexander,David
245 0 _aInternational Financial Reporting and Analysis
942 _cBK
999 _c81648
_d81648